| 000 | 00747nas a2200241 4500 | ||
|---|---|---|---|
| 001 | BR9703240 | ||
| 003 | BR-BrBNA | ||
| 005 | 20231205100337.0 | ||
| 007 | ta | ||
| 008 | 230509b bl.|||p| |||| 00| 00por d | ||
| 040 |
_aBR-BrBNA _bpor _cBiblioteca Nacional de Agricultura |
||
| 041 | _a(En) | ||
| 072 | _aL60 | ||
| 100 | 1 | _aDiniz-Filho, J.A.F. | |
| 245 | 1 | _aPopulation ecology and diffusion of africanized honey bees (Apis mellifera L.)in south America | |
| 650 | _aAbelha Africana | ||
| 650 | _aEcologia Animal | ||
| 650 | _aDistribuicao Geografica | ||
| 650 | _aAmerica do Sul | ||
| 773 | 0 |
_tNaturalia (Brazil) _xISSN 0101-1944 _g(1996), v. 21 p. 141-145 _wBR9703240 |
|
| 909 |
_a202311 _bLúcia _c55 _dLúcia Elande |
||
| 942 |
_2AGRIS _n0 _cANA |
||
| 999 |
_c155474 _d155474 |
||